Τίτος Ανδρόνικος

Saved in:
Bibliographic Details
Main Author: Shakespeare, William, 1564-1616
Format: Book
Language:Greek
Published: Αμφιθέατρο,
Tags: Add Tag
No Tags, Be the first to tag this record!

MARC

LEADER 00000nam a2200000 i 4500
001 1/50496
008 941103s gre d
035 |l 10043893 
040 |a GR-MY-UA  |b gre  |e aacr 
041 0 |a gre 
100 1 |a Shakespeare, William,   |d 1564-1616. 
245 1 0 |a Τίτος Ανδρόνικος 
260 |b Αμφιθέατρο,  
852 |a INST  |b SAMOS  |e 19941103  |h 822.33 SHA  |p 005300000498  |q 005300000498  |t BK  |y 0 
909 |a Σ  |b 023763